<?xml version="1.0" encoding="UTF-8"?>
<record
    xmlns:xsi="http://www.w3.org/2001/XMLSchema-instance"
    xsi:schemaLocation="http://www.loc.gov/MARC21/slim http://www.loc.gov/standards/marcxml/schema/MARC21slim.xsd"
    xmlns="http://www.loc.gov/MARC21/slim">

  <leader>00727nam a22001937a 4500</leader>
  <controlfield tag="005">20250207163809.0</controlfield>
  <controlfield tag="008">221126b           ||||| |||| 00| 0 eng d</controlfield>
  <datafield tag="040" ind1=" " ind2=" ">
    <subfield code="c">AL</subfield>
  </datafield>
  <datafield tag="050" ind1=" " ind2=" ">
    <subfield code="a">Hindi</subfield>
  </datafield>
  <datafield tag="082" ind1=" " ind2=" ">
    <subfield code="2">23</subfield>
    <subfield code="a">H891.4</subfield>
    <subfield code="b">SIMD</subfield>
  </datafield>
  <datafield tag="100" ind1=" " ind2=" ">
    <subfield code="a">Hari Kishor Simha   </subfield>
    <subfield code="9">198451</subfield>
  </datafield>
  <datafield tag="100" ind1=" " ind2=" ">
    <subfield code="9">63867</subfield>
    <subfield code="d"> &#x939;&#x930;&#x93F; &#x915;&#x93F;&#x936;&#x94B;&#x930; &#x938;&#x93F;&#x902;&#x939; </subfield>
  </datafield>
  <datafield tag="245" ind1=" " ind2=" ">
    <subfield code="a">Dwitiya Khadi Yudha: Insaniyath Hmala  </subfield>
    <subfield code="b">&#x926;&#x94D;&#x935;&#x93F;&#x924;&#x940;&#x92F;&#x93E;  &#x916;&#x93E;&#x921;&#x93C;&#x940;  &#x92F;&#x941;&#x926;&#x94D;&#x927; : &#x907;&#x902;&#x938;&#x93E;&#x928;&#x93F;&#x92F;&#x924;  &#x92A;&#x930;  &#x939;&#x92E;&#x932;&#x93E; </subfield>
  </datafield>
  <datafield tag="260" ind1=" " ind2=" ">
    <subfield code="a">New Delhi</subfield>
    <subfield code="b"> Rajeev Kumar Thakur</subfield>
    <subfield code="c">2003</subfield>
  </datafield>
  <datafield tag="300" ind1=" " ind2=" ">
    <subfield code="a">42 p.</subfield>
    <subfield code="b">PB</subfield>
    <subfield code="c">21.5x13.5 cm.</subfield>
  </datafield>
  <datafield tag="650" ind1=" " ind2=" ">
    <subfield code="a">Hindi Prose</subfield>
    <subfield code="9">63868</subfield>
  </datafield>
  <datafield tag="700" ind1=" " ind2=" ">
    <subfield code="a">SIMHA (Hari Kishor)  &#x938;&#x93F;&#x902;&#x939; (&#x939;&#x930;&#x93F; &#x915;&#x93F;&#x936;&#x94B;&#x930;)</subfield>
    <subfield code="9">63869</subfield>
  </datafield>
  <datafield tag="942" ind1=" " ind2=" ">
    <subfield code="2">ddc</subfield>
    <subfield code="c">GF</subfield>
  </datafield>
  <datafield tag="999" ind1=" " ind2=" ">
    <subfield code="c">225350</subfield>
    <subfield code="d">225350</subfield>
  </datafield>
  <datafield tag="952" ind1=" " ind2=" ">
    <subfield code="0">0</subfield>
    <subfield code="1">0</subfield>
    <subfield code="2">ddc</subfield>
    <subfield code="4">0</subfield>
    <subfield code="7">0</subfield>
    <subfield code="8">HIN</subfield>
    <subfield code="a">AL</subfield>
    <subfield code="b">AL</subfield>
    <subfield code="d">2013-03-23</subfield>
    <subfield code="l">0</subfield>
    <subfield code="o">H891.4 SIMD</subfield>
    <subfield code="p">GF02669</subfield>
    <subfield code="r">2022-11-26 00:00:00</subfield>
    <subfield code="w">2022-11-26</subfield>
    <subfield code="y">GF</subfield>
  </datafield>
</record>
